| 000 | 00407pab a2200157 454500 | ||
|---|---|---|---|
| 008 | 180718b2011 xxu||||| |||| 00| 0 eng d | ||
| 100 | _aAndrews, Matt | ||
| 245 | _aThe (II) logics of federal budgeting, and why crisis must come | ||
| 260 | _c2011 | ||
| 300 | _ap.345-348. | ||
| 362 | _aMay-Jun | ||
| 650 | _aBudgetary control | ||
| 773 | _aPublic Administration Review | ||
| 908 | _aN | ||
| 909 | _a92473 | ||
| 999 |
_c92473 _d92473 |
||